Europe forgotten territories (Record no. 410998)

000 -LEADER
fixed length control field 00415cam a22001217a 4500
008 - FIXED-LENGTH DATA ELEMENTS--GENERAL INFORMATION
fixed length control field 180718b1960 xxu||||| |||| 00| 0 eng d
082 ## - DEWEY DECIMAL CLASSIFICATION NUMBER
Classification number A6x438 W283
100 ## - MAIN ENTRY--PERSONAL NAME
Personal name Wassermann, Charles
245 ## - TITLE STATEMENT
Title Europe forgotten territories
Statement of responsibility, etc. by Charles Wassermann
260 ## - PUBLICATION, DISTRIBUTION, ETC.
Place of publication, distribution, etc. Germany
Name of publisher, distributor, etc. R. Rousssell Copenhagen
Date of publication, distribution, etc. 1960
300 ## - PHYSICAL DESCRIPTION
Extent 272p.
650 ## - SUBJECT ADDED ENTRY--TOPICAL TERM
Topical term or geographic name entry element Western and Northern Territories (Poland)Germany (East) -Description and travel.
Holdings
Withdrawn status Lost status Damaged status Not for loan Permanent Location Current Location Date acquired Full call number Barcode Date last seen Price effective from Koha item type
        Indian Institute of Public Administration Indian Institute of Public Administration 2009-01-23 A6x438 W283 23301 2018-07-21 2018-07-21 Book

Powered by Koha